000 00796nas a2200265 4500
001 BR9900240
003 BR-BrBNA
005 20231205101156.0
007 ta
008 230509b bl.|||p| |||| 00| 00por d
040 _aBR-BrBNA
_bpor
_cBiblioteca Nacional de Agricultura
041 _a(Pt)
072 _aF06
100 1 _aPazzetti, G.A.
100 1 _aOliva, M.A.
100 1 _aLopes, N.F.
245 1 _aAplicacao da termometria ao infravermelho a irrigacao do feijoeiro: crescimento e produtividade
650 _aFeijao
650 _aIrrigacao
650 _aTemperatura
650 _aFolha
773 0 _tPesquisa Agropecuaria Brasileira (Brazil)
_xISSN 0100-204X
_g(Dec 1993), v. 28(12) p. 1371-1377
_wBR9900240
909 _a202311
_bLúcia
_c55
_dLúcia Elande
942 _2AGRIS
_n0
_cANA
999 _c160228
_d160228